MARC

Tag First Indicator Second Indicator Subfields
LEADER 00000cam a2200000 a 4500
001 in00001776198
005 20151025082901.0
008 020214s2002 pau f000 0 eng c
020 |a 158487080X 
035 |a (OCoLC)ocm48998538 
040 |a AWC  |c AWC  |d GPO  |d AFQ  |d OCL  |d TXA  |d UtOrBLW 
042 |a pcc 
049 |a TXAM 
050 4 |a HV6431  |b .M37 2002 
100 1 |a Martin, John R.  |q (John Robert),  |d 1952- 
245 1 0 |a Defeating terrorism :  |b strategic issue analyses /  |c edited by John Martin. 
264 1 |a Carlisle, PA :  |b Strategic Studies Institute, U.S. Army War College,  |c [2002] 
300 |a vii, 111 pages ;  |c 28 cm. 
336 |a text  |b txt  |2 rdacontent 
337 |a unmediated  |b n  |2 rdamedia 
338 |a volume  |b nc  |2 rdacarrier 
500 |a "January 2002." 
505 0 |a Terrorism viewed historically / Douglas Johnson and John R. Martin -- War aims and war termination / Stephen Biddle -- Beware of unintended consequences / Conrad C. Crane -- Avoiding holy war: ensuring that the war on terrorism is not perceived as a war on Islam / Sami G. Hajjar -- State support for terrorism / Steven Metz -- Maintaining strategic balance while fighting terrorism / Conrad C. Crane -- Homeland security issues: a strategic perspective / Antulio J. Echevarria II -- The military's role in the new domestic security environment: will Army missions change? / Dallas D. Owens Defining preparedness: Army force structure in the waron terrorism / John R. Martin -- The campaign against terrorism: finding the right mix of foreign policy instruments / Marshall F. McCallie -- The carrot and the stick challenge / Gordon Rudd and John R. Martin -- Potential changes in U.S. civil-military relations / Marybeth Peterson Ulrich and Conrad C. Crane -- Maintaining public support for military operations / Leonard Wong -- Ethical issues in counterterrorism warfare / Martin L. Cook -- Coalition partners: Pakistan / Steven Metz -- Coalition partners: India / Andrew Scobell -- Central Asia and the war on terrorism: towards a new alignment / Steven J. Blank -- Russia and the U.S. war on terrorism / Stephen J. Blank -- Coalition partners: China / Andrew Scobell -- Reaction of key Asian states to the war on terrorism / Andrew Scobell -- Terrorism: sounding Roland's horn across the Atlantic / Raymond Millen. 
650 0 |a Security, International. 
650 0 |a War on Terrorism, 2001-2009. 
650 0 |a Terrorism  |x Prevention  |x International cooperation. 
650 0 |a Terrorism  |x Prevention  |x Government policy  |z United States. 
650 0 |a Terrorism  |x Religious aspects  |x Islam. 
710 2 |a Army War College (U.S.).  |b Strategic Studies Institute. 
776 1 |t Defeating terrorism  |w (OCoLC)49378486 
994 |a E0  |b TXA 
948 |a cataloged  |b h  |c 2003/7/31  |d c  |e blrosas  |f 3:40:27 pm 
999 |a MARS 
999 f f |s c20fa949-8629-340c-a7aa-045153af3f8e  |i b1d980b9-aab0-364f-a1c5-5b7c89eff12e  |t 0 
952 f f |p ric  |a Texas A&M University  |b Rellis Campus  |c Joint Library Facility  |d Remote Storage  |t 0  |e HV6431 .M37 2002  |h Library of Congress classification  |i unmediated -- volume  |m A14830448926 
998 f f |a HV6431 .M37 2002  |t 0  |l Remote Storage